Sports Quiz

Random Sports or NBA Quiz

2016-17 NBA Statistical Leaders by Team Quiz Stats

 Plays Quiz Updated Jul 15, 2017

Support Sporcle.
Go Orange.
Score 0/150 Timer 20:00
6 Plays Today
Team Player % Correct
Cleveland CavaliersLeBron James/Kyrie Irving
95.4%
Cleveland CavaliersLeBron James
94.8%
Cleveland CavaliersLeBron James
94.8%
Golden State WarriorsStephen Curry
92.5%
Dallas MavericksSeth Curry/Wesley Matthews
91.5%
Houston RocketsJames Harden/Clint Capela
91.3%
Houston RocketsJames Harden
91.2%
Houston RocketsJames Harden
91.2%
Boston CelticsIsaiah Thomas
91%
Boston CelticsIsaiah Thomas
91%
Oklahoma City ThunderRussell Westbrook
89.9%
Oklahoma City ThunderRussell Westbrook
89.9%
Oklahoma City ThunderRussell Westbrook
89.9%
Oklahoma City ThunderRussell Westbrook
89.9%
Los Angeles ClippersChris Paul
88.9%
Los Angeles ClippersChris Paul
88.9%
Golden State WarriorsKevin Durant
88%
Golden State WarriorsKevin Durant
88%
New Orleans PelicansAnthony Davis
87.8%
New Orleans PelicansAnthony Davis
87.8%
New Orleans PelicansAnthony Davis
87.8%
Golden State WarriorsDraymond Green
87.6%
Golden State WarriorsDraymond Green
87.6%
Charlotte HornetsNicolas Batum/Kemba Walker
87.6%
Charlotte HornetsKemba Walker
87.6%
Los Angeles ClippersBlake Griffin
87%
Indiana PacersPaul George
86.5%
Indiana PacersPaul George
86.5%
Chicago BullsJimmy Butler
86.4%
Chicago BullsJimmy Butler
86.4%
Cleveland CavaliersTristan Thompson
86.3%
Washington WizardsJohn Wall
86.1%
Washington WizardsJohn Wall
86.1%
Washington WizardsJohn Wall
86.1%
Cleveland CavaliersKevin Love
86%
Memphis GrizzliesMarc Gasol
85.2%
Los Angeles ClippersDeAndre Jordan
85.1%
Los Angeles ClippersDeAndre Jordan
85.1%
San Antonio SpursPau Gasol
85%
New York KnicksCarmelo Anthony
84.8%
Portland Trail BlazersDamian Lillard
84.6%
Portland Trail BlazersDamian Lillard
84.6%
Toronto RaptorsDeMar DeRozan
84.2%
Minnesota TimberwolvesKarl-Anthony Towns
83.9%
Minnesota TimberwolvesKarl-Anthony Towns
83.9%
Minnesota TimberwolvesKarl-Anthony Towns
83.9%
San Antonio SpursKawhi Leonard
83.8%
San Antonio SpursKawhi Leonard
83.8%
Toronto RaptorsKyle Lowry
83.6%
Toronto RaptorsKyle Lowry
83.6%
Team Player % Correct
Sacramento KingsDeMarcus Cousins
83.2%
Sacramento KingsDeMarcus Cousins
83.2%
Sacramento KingsDeMarcus Cousins
83.2%
Brooklyn NetsBrook Lopez
83.1%
Brooklyn NetsBrook Lopez
83.1%
Sacramento KingsDeMarcus Cousins
82.9%
Chicago BullsRobin Lopez
82.9%
Boston CelticsAl Horford
82.7%
Boston CelticsAl Horford
82.7%
Phoenix SunsDevin Booker
81.2%
Brooklyn NetsTrevor Booker/Rondae Hollis-Jefferson
81%
Brooklyn NetsTrevor Booker
80.8%
Detroit PistonsAndre Drummond
80%
Detroit PistonsAndre Drummond
80%
Detroit PistonsAndre Drummond
80%
Memphis GrizzliesMike Conley
79.6%
Memphis GrizzliesMike Conley
79.6%
Miami HeatTyler Johnson/Goran Dragic
79.4%
Atlanta HawksDwight Howard
78.4%
Atlanta HawksDwight Howard
78.4%
Miami HeatHassan Whiteside
77.4%
Miami HeatHassan Whiteside
77.4%
Utah JazzGordon Hayward
77%
Utah JazzGordon Hayward
76.9%
Milwaukee BucksGiannis Antetokounmpo
76.9%
Milwaukee BucksGiannis Antetokounmpo
76.9%
Milwaukee BucksGiannis Antetokounmpo
76.9%
Milwaukee BucksGiannis Antetokounmpo
76.9%
Milwaukee BucksGiannis Antetokounmpo
76.9%
Atlanta HawksPaul Millsap
76.9%
Oklahoma City ThunderAndre Roberson/Steven Adams/Jerami Grant
76.3%
Utah JazzRudy Gobert
76.1%
Utah JazzRudy Gobert
76.1%
Miami HeatGoran Dragic
75.1%
Miami HeatGoran Dragic
75.1%
San Antonio SpursTony Parker
75%
Denver NuggetsNikola Jokic
74.5%
Denver NuggetsNikola Jokic
74.2%
Los Angeles LakersD'Angelo Russell
72.8%
Los Angeles LakersD'Angelo Russell
72.8%
Houston RocketsClint Capela
71.2%
Minnesota TimberwolvesRicky Rubio
70.9%
Minnesota TimberwolvesRicky Rubio
70.9%
New Orleans PelicansJrue Holiday
69.4%
New Orleans PelicansJrue Holiday
69.4%
New York KnicksKristaps Porzingis
69.3%
Washington WizardsMarcin Gortat
67.5%
Washington WizardsMarcin Gortat
67.5%
Charlotte HornetsNicolas Batum
65.8%
Indiana PacersJeff Teague
65.6%
Team Player % Correct
San Antonio SpursLaMarcus Aldridge
64.2%
Indiana PacersMyles Turner
63%
Indiana PacersMyles Turner
63%
Chicago BullsRajon Rondo
62.9%
Orlando MagicSerge Ibaka
61.3%
Memphis GrizzliesZach Randolph
60.1%
Atlanta HawksDennis Schroder
59.2%
Dallas MavericksHarrison Barnes
57.5%
Dallas MavericksHarrison Barnes
57.3%
Orlando MagicNikola Vucevic
57.1%
Boston CelticsMarcus Smart
56.8%
Phoenix SunsEric Bledsoe
56.7%
Los Angeles LakersLou Williams
56.2%
Detroit PistonsTobias Harris
54.5%
Denver NuggetsGary Harris
54.4%
Los Angeles LakersJulius Randle
53.6%
New York KnicksJoakim Noah
53%
Toronto RaptorsJonas Valanciunas
51.5%
Dallas MavericksWesley Matthews
48.4%
Detroit PistonsIsh Smith
47.2%
Memphis GrizzliesTony Allen
46.6%
Houston RocketsTrevor Ariza
45.2%
Orlando MagicElfrid Payton
44.8%
Orlando MagicElfrid Payton
44.5%
Philadelphia 76ersRobert Covington/Richaun Holmes
44.5%
Philadelphia 76ersRobert Covington
44.3%
Philadelphia 76ersRobert Covington
44.3%
Philadelphia 76ersRobert Covington
44%
Orlando MagicEvan Fournier
42.2%
Charlotte HornetsCody Zeller
40.4%
Denver NuggetsDanilo Gallinari
36.5%
Phoenix SunsAlex Len
35.3%
Phoenix SunsAlex Len
35.1%
New York KnicksCourtney Lee
33.8%
Chicago BullsTaj Gibson
31.9%
Philadelphia 76ersT.J. McConnell
26.9%
Denver NuggetsJameer Nelson
23.9%
Portland Trail BlazersAl-Farouq Aminu
23.4%
Utah JazzJoe Ingles
22.8%
Charlotte HornetsMichael Kidd-Gilchrist
21.6%
Phoenix SunsP.J. Tucker
21.1%
Sacramento KingsTy Lawson
19.8%
New York KnicksBrandon Jennings
17.2%
Portland Trail BlazersMaurice Harkless
16.9%
Portland Trail BlazersMaurice Harkless
16.9%
Brooklyn NetsSpencer Dinwiddie
16.6%
Los Angeles LakersIvica Zubac
14.8%
Atlanta HawksThabo Sefolosha
13.8%
Dallas MavericksSalah Mejri
11.2%
Toronto RaptorsLucas Nogueira
7.6%

You're not logged in!

Compare scores with friends on all Sporcle quizzes.
OR
Log In
Forgot?

From the Vault

Underwhelmed Tourists II

by ddavey1983

There's always the one guy in your tour who won't stop complaining.
Remove Ads.
Support Sporcle.
Get the best of Sporcle when you Go Orange. This ad-free experience offers more features, more stats, and more fun while also helping to support Sporcle. Thank you for becoming a member.

Show Comments

Extras

Top Quizzes Today


Score Distribution

Your Account Isn't Verified!

In order to create a playlist on Sporcle, you need to verify the email address you used during registration. Go to your Sporcle Settings to finish the process.

Report this User

Report this user for behavior that violates our Community Guidelines.

Details: